| 000 | 00887cam a2200253 4500 | ||
|---|---|---|---|
| 008 | 020415n1997 000 0 eng u | ||
| 020 | _a1873394268 | ||
| 035 | _a(Sirsi) u117487 | ||
| 041 | _aeng. | ||
| 050 | _a691.5 | ||
| 100 | _aVicat, L. | ||
| 245 | _aMortars and cements | ||
| 260 |
_aDonhead _bDonhead _c1997 |
||
| 300 |
_a352p. _c23cm. |
||
| 350 | _a30 | ||
| 520 | _aVicat's text, which reveals his investigations into the nature and use of limes, first appeared in 1837. In it he critically reviews the practices of the time sifting the good ones from the bad. The classification prepared by Vicat is still valid today, and enables the best possible use to be made of any lime. | ||
| 650 | _aMORTARS | ||
| 650 | _aCEMENT | ||
| 650 | _aLIME | ||
| 650 | _aLIMESTONES | ||
| 650 | _aHYDRAULIC LIMES | ||
| 690 | _aBUILT ENVIRONMENT-BUILDING MATERIALS | ||
| 942 | _n0 | ||
| 999 |
_c102003 _d102003 |
||